ბათუმის შოთა რუსთაველის სახელმწიფო უნივერსიტეტის ბიბლიოთეკა

თურქიზმები ქართული ენის სამხრულ დიალექტებში / (ბიბ.ჩანაწერი № 52148)

000 -ლიდერი
ფიქსირებული სიგრძის საკონტროლო ველი 01767nam a2200241Ia 4500
001 - საკონტროლო ნომერი
საკონტროლო ველი 19155
003 - საკონტროლო ნომრის იდენტიფიკატორი
საკონტროლო ველი GE_BSU
005 - ბოლო ოპერაციის თარიღი და დრო
საკონტროლო ველი 20210501014002.0
008 - ფიქსირებული სიგრძის მონაცემთა ელემენტები - ზოგადი ინფორმაცია
ფიქსირებული სიგრძის საკონტროლო ველი 181216s2013||||ge |||||||||||||| ||geo||
040 ## - კატალოგიზაციის წყარო
Transcribing agency GE_BSU
041 ## - ენის კოდი
Language code of text/sound track or separate title geo
080 ## - უნივერსალური ათობითი კლასიფიკაციის ინდექსი
Universal Decimal Classification number 81 ჩ-82
100 ## - მთავარი ჩანაწერი - პიროვნების სახელი
Personal name ჩოხარაძე, ვარდო
9 (RLIN) 11616
245 ## - ცნობა სათაურის შესახებ
Title თურქიზმები ქართული ენის სამხრულ დიალექტებში /
Statement of responsibility, etc ვარდო ჩოხარაძე; სამეცნიერო ხელმძღვანელი მამია ფაღავა; ბათუმის შოთა რუსთაველის სახელმწიფო უნივერსიტეტი. განათლებისა და მეცნიერებათა ფაკულტეტი ქართული ფილოლოგიის დეპარტამენტი.
264 ## - წარმოების, გამოცემის, დისტრიბუციის და სხვა ცნობები
გამოცემის, წარმოების, დისტრიბუციის... ადგილი ბათუმი,
გამოცემის, წარმოების, დისტრიბუციის... თარიღი 2008.
300 ## - ფიზიკური აღწერა
Extent 132 გვ. ;
Other physical details 30 სმ.
653 ## - INDEX TERM--UNCONTROLLED
Uncontrolled term დისერტაცია
653 ## - INDEX TERM--UNCONTROLLED
Uncontrolled term ენათმეცნიერება
653 ## - INDEX TERM--UNCONTROLLED
Uncontrolled term თურქიზმები ქართული ენის სამხრულ დიალექტებში.
700 ## - ADDED ENTRY--PERSONAL NAME
Personal name ფაღავა, მამია
Relator term სამეცნიერო ხელმძღვანელი
9 (RLIN) 11716
710 ## - ADDED ENTRY--CORPORATE NAME
Corporate name or jurisdiction name as entry element ბათუმის შოთა რუსთაველის სახელმწიფო უნივერსიტეტი
Subordinate unit განათლებისა და მეცნიერებათა ფაკულტეტი ქართული ფილოლოგიის დეპარტამენტი.
9 (RLIN) 11717
942 ## - ADDED ENTRY ELEMENTS (KOHA)
Koha item type წიგნი
Source of classification or shelving scheme
ეგზემპლარები
ჩამოწერის სტატუსი დაკარგული ეგზემპლარის სტატუსი კლასიფიკაციის წყარო ან თაროზე გაწყობის სქემა დაზიანების სტატუსი არ გაიცემა მუდმივი მდებარეობა (დაცვის ადგილი) ამჟამინდელი ადგილსამყოფელი თაროზე განთავსების ადგილი შეძენის თარიღი სრული შენახვის შიფრი შტრიხკოდი ბოლო ოპერაციის თარიღი ეგზემპლარის მიმდევრობითი ნომერი (კეტერი?) ფასის ძალაში შესვლის თარიღი ეგზემპლარის სახეობა საჯარო შენიშვნა
          ბათუმის შოთა რუსთაველის სახელმწიფო უნივერსიტეტის მთავარი ბიბლიოთეკა ბათუმის შოთა რუსთაველის სახელმწიფო უნივერსიტეტის მთავარი ბიბლიოთეკა წიგნსაცავი 2018-12-17 81 ჩ-82 35 დისერტ. 2018-12-17 35 2018-12-17 დისერტაცია